000 00666nam a2200241 i 4500
001 C2-0286757
003 PPAK
005 20180728020140.0
008 080129s2006 enka|||| ||||| | eng d
020 _a1845092341
040 _aPPAK
_beng
_cPPAK
_erda
082 0 4 _a641.5637
_223
090 0 0 _a641.5637
_bMOR
_dR
100 1 _aMorgan, Paul,
_eauthor
245 1 0 _aHigh fibre cookbook
264 1 _aLeicester :
_bSilverdale Books ,
_c2006
300 _a127 pages :
_bcolour illustrations ;
_c28 cm
336 _2rdacontent
_atext
337 _2rdamedia
_aunmediated
338 _2rdacarrier
_avolume
650 1 0 _aHigh - Fiber diet - Recipes
942 _ddc
_cB
999 _c92479
_d92479